000 01006nam a22003137a 4500
003 CHAP
005 20220329135314.0
008 971013s1979 r 00010 d
010 _a34130
011 _a35102
035 _a39218
040 _cCHAP
090 _aTesis
100 0 0 _aMendoza Gómez, Ernesto.
_974657
245 _aGuía de estudios sobre legislación agropecuaria
260 _aMéxico, D.F. :
_bEl autor,
_c1979
300 _a270 h
502 _aTesis (Médico Veterinario Zootecnista) -- UNAM. Fac. de Medicina Veterinaria y Zootecnia
590 _aALEPH
_b10
_c20130110
_lUCH01
_h1259
590 _aBATCH-UPD
_b10
_c20130110
_lUCH01
_h1554
590 _aBATCH-UPD
_b10
_c20130410
_lUCH01
_h0952
590 _aBATCH-UPD
_b10
_c20130914
_lUCH01
_h0318
590 _aCONVERSION
_b10
_c20130109
_lUCH01
_h1319
650 1 4 _aAgricultura
_xLeyes
_xMéxico.
_91726
650 1 4 _aGanadería
_xLeyes
_xMéxico.
_944818
901 _aBK
942 _cTESIS
949 _bBC
_cTES
_d-89502
_eTS1
_i39218
_si
999 _c34130
_d34130